LEADER 01120nam a2200277 u 4500 001 000000042750 003 CaOOAMICUS 005 20070226114348.0 008 990308s1967 it u000 u ita u 035 $a10816667 040 $aPUL(R)$bita 100 1 $aGalbraith, John Kenneth,$d1908-$0(OLS)http://pul/name/14837 240 10$aAmerican capitalism.$lItaliano.$0(OLS)http://pul/title/57663 245 13$aIl capitalismo americano /$cJohn Kenneth Galbraith. 260 $aMilano :$bEtas Kompass,$cc1967. 300 $a204 p. ;$c23 cm 490 1 $aBiblioteca di studi economici ;$v8 504 $aBibliografia in nota. 650 4$aCapitalismo.$0(OLS)http://pul/subject/7257 830 0$aBiblioteca di studi economici ;$v8.$0(OLS)http://pul/title/57666 850 $aPUL 852 $aPUL$W1$xDP1 Cons. Gen., Altre Classi 1$y22$m46 C 6$j57703$nBK-PRI$b $qStampati$B57703$CPULBib$Z2$F57703 $H $81 941 1 $a8 961 $aINV: 40158 996 $6245$aIl capitalismo americano$9(OLS)http://pul/title/57665 996 $6260$aMilano :$bEtas Kompass$9(OLS)http://pul/publisher/64986 LEADER 01360nam a2200325 a 4500 001 000000174537 003 CaOOAMICUS 005 20210604174252.0 008 210604s2019 it u000 u ita r 020 $a978-88-6788-165-9* 032 $aLibriCat 040 $aPUL$bita 082 04$a235 100 0 $aMaccari, Patrizio.$0(OLS)http://pul/name/112165 245 13$aIl secolo di Satana :$blo scatenamento del male... con un'intervista al diavolo /$cPatrizio Maccari ; presentazione di Manlio Sodi. 260 $aRoma :$bIF Press,$cİ2019. 300 $a333 p. ;$c24 cm 490 1 $aSapientia ineffabilis ;$v23 504 $aBibliografia in nota. 650 4$aDemonio e demonologia.$0(OLS)http://pul/subject/747 700 1 $aSodi, Manlio,$cS.D.B.,$d1944-$0(OLS)http://pul/name/32025 830 0$aSapientia ineffabilis ;$v23.$0(OLS)http://pul/title/178270 850 $aPUL 852 $aPUL$W1$xDP2 Religione 3$y114$m235 MACPA 1$j198853$qDDC 21$B203480$CPULBib$Z2$F203480 $82 941 1 $a9 996 $6020$a978-88-6788-165-9*$9(OLS)http://pul/number/167414 996 $6082$a235$9(OLS)http://pul/classification/630 996 $6245$aIl secolo di Satana :$blo scatenamento del male... con un'intervista al diavolo$9(OLS)http://pul/title/215831 996 $6260$aRoma :$bIF Press$9(OLS)http://pul/publisher/83036